000 00241nam a2200109Ia 4500
008 230312s9999||||xx |||||||||||||| ||und||
082 _a758.940
_bCOL-L
100 _aCoalson:nat
245 0 _aLightroom
650 _aArchitecture
942 _cBK
999 _c14473
_d14473